| 000 | 01840 am a22002655a 4500 | ||
|---|---|---|---|
| 001 | ocn667592494 | ||
| 003 | OSt | ||
| 005 | 20201128024158.0 | ||
| 008 | 100923t2012 maua frb 001 0 eng d | ||
| 020 | _a9780763789961 | ||
| 040 |
_aDNLM/DLC _beng _cDLC _dYDX _dBTCTA _dNLM _dYDXCP _dOKN _dCDX _dJVD _dVET _dOCLCF _dCHVBK _dHV6 _dEG-ScBUE |
||
| 082 | 0 | 4 |
_222 _a614.4 _bEPI |
| 245 | 0 | 0 |
_aEpidemiology for advanced nursing practice / _cedited by Kiran Macha, John P. McDonough. |
| 260 |
_aSudbury : _bJones & Bartlett Learning, _cc.2012. |
||
| 300 |
_ax, 369 p. : _bill. ; _c25 cm. |
||
| 504 | _aIncludes bibliographical references and index. | ||
| 505 | 0 | _aEpidemiology and its progress / Kiran Macha, John P. McDonough -- The role of epidemiology and statistics in advanced nursing practice / Peter Wludyka -- Study designs and their outcomes / Peter Wludyka -- Nursing resources for epidemiology / Kiran Macha, John P McDonough, Lillia Loriz -- Emerging infectious diseases / Kiran Macha, John P. McDonough -- Screening and prevention of diseases / Jan Meires, Carol Ledbetter -- Epidemiology of chronic diseases / Barbara Kruger -- Genetic epidemiology / Kiran Macha, John P. McDonough -- Environmental epidemiology / Michele Bednarzyk, Lillia Loriz -- The role of culture in epidemiology / Macha Kiran, John P. McDonough, Juergen Osterbrink -- Nursing in pandemics and emergency preparedness / Carol Ledbetter, Margaret Holder -- Legal and ethical issues in epidemiology / Macha Kiran, John P. McDonough -- Epidemiological applications in the clinical nursing sciences / Macha Kiran, John P. McDonough. | |
| 650 | 7 |
_aEpidemiology. _2BUEsh |
|
| 650 | 7 |
_aNursing. _2BUEsh _92162 |
|
| 653 |
_bNNUR _cOctober2017 |
||
| 655 |
_vText book _933728 |
||
| 700 | 1 |
_aMcDonough, John P., _eeditor. _936696 |
|
| 700 | 1 |
_aMacha, Kiran, _eeditor. |
|
| 942 | _2ddc | ||
| 999 |
_c25488 _d25460 |
||